000 00868nam a2200253Ia 4500
003 OSt
005 20220923222426.0
006 a|||||r|||| 00| 0
007 ta
008 220922b |||||||| |||| 00| 0 hin d
024 _a204,866
037 _cTextual
040 _aARTS
_cARTS
_bhin
041 _2hin
_ahin
082 _aO44,1:gN5, 152N0
100 _aपालीवाल, कृष्णादत्ता
245 0 _aआधुनिक भारतीय नई कविता
246 _aĀdhunik bhāratīya naī kavitā
260 _aनई दिल्ली
_b सचिन प्रका0
_c1990
300 _a158पृ.
_ccm.
650 _aहिन्दी साहित्य
_9156264
942 _hO44,1:gN5, 152N0
_cTEXL
_2CC
999 _c355614
_d355614